Kraje Europy bez liter C Z E C H Y - Statystyki

Ogólne statystyki
  • Ten quiz został rozwiązany 37 razy
    14 od ostatniego zresetowania
  • Średni wynik to 12 z 21
Statystyki odpowiedzi
Państwo % Poprawnych
Polska
100%
Rosja
77%
Austria
69%
Dania
69%
Litwa
69%
Portugalia
69%
Ukraina
69%
Albania
62%
Andora
62%
Białoruś
54%
Finlandia
54%
Irlandia
54%
Islandia
54%
Łotwa
54%
Mołdawia
54%
San Marino
54%
Bułgaria
46%
Kosowo
46%
Rumunia
46%
Malta
38%
Monako
38%
Nie znaleziono quizów pasujących do podanych kryteriów
Rozkład punktacji
Procent ludzi z każdym wynikiem
Percentyl według liczby udzielonych odpowiedzi
Twoja historia wyników
Nie rozwiązałeś tego quizu od ostatniego zresetowania